000 00678nam a2200289Ia 4500
005 20260324121234.0
008 008 260324s9999 xx 000 0 eng d
020 _a9781315582542
037 _aEBOOK
040 _aCRL
040 _beng
040 _cCRL
041 _2eng
041 _aeng
084 _qCRL
100 _aDavid G. Newman
_91161738
245 0 _aFlying Fast Jets
245 0 _bHuman Factors and Performance Limitations
260 _bTaylor and Francis
260 _c2014
365 _a
365 _b340
856 _uhttp://www.taylorfrancis.com/books/9781315582542
942 _cEBOOK
999 _c1753712
_d1753712